[Event "GM Clarion Congress Hotel 2020"]
[Site "Ceske Budejovice"]
[Date "2020.07.01"]
[Round "1.1"]
[White "Donchenko, Alexander"]
[Black "Stefansson, Hannes"]
[Result "1-0"]
[WhiteElo "2646"]
[BlackElo "2542"]
[Annotator "TA"]
[PlyCount "79"]
[EventDate "2020.07.01"]
[EventType "tourn"]
[EventCountry "CZE"]
[SourceTitle "playchess.com"]
[Source "ChessBase"]
[SourceQuality "1"]

{[%evp 10,79,22,11,0,-33,0,0,0,0,0,-16,-14,-14,-15,-8,-12,-16,37,-15,12,14,14,15,12,8,0,-2,37,33,43,37,48,38,57,31,19,19,31,7,7,0,0,0,8,8,79,79,78,47,47,47,74,62,70,77,88,87,150,109,202,179,493,486,627,621,618,615,591,583,575,566]} 1. Nf3 Nf6 2. g3 g6 3. c4 Bg7 4. Bg2 O-O 5. Nc3 c6 6. e4 d5 {is currently scoring better than 6...d6. Played by Peter Svidler in April 2020. 6...d6 is not played anymore. A16: English Opening: 1...Nf6 with ...d5.} 7. e5 Ne4 8. Qe2 Nxc3 {The position is equal.} 9. dxc3 Bg4 {[#]} 10. h3 $146 ({Predecessor:} 10. O-O e6 11. h4 Nd7 12. Bg5 Qe8 13. Bf4 dxc4 14. Rfe1 Nb6 15. Rad1 Rd8 16. Bg5 {1-0 (40) Trzaska,P (2245)-Mrozinski,W Dortmund 1993}) 10... Bxf3 $1 11. Bxf3 e6 12. Bg2 Nd7 13. f4 Qa5 (13... f6 $11) 14. O-O (14. h4 $14) 14... Qc5+ (14... Qa6 {is interesting.} 15. Bf3 dxc4 16. h4 Rfd8 17. h5 Nc5) 15. Be3 Qxc4 16. Qxc4 dxc4 17. Rfd1 Nb6 18. Bf1 Nd5 19. Bc5 Rfd8 20. Bxc4 b6 21. Bf2 h5 22. h4 Bf8 23. Be2 (23. Ba6 {keeps more tension.} Rab8 24. Bd3 Bc5 25. Be4 a5 26. a4) 23... Bc5 24. Bxc5 bxc5 25. Kf2 Kf8 26. Rd3 Rab8 27. b3 {[%cal Bb2b3,Bb3c4][%mdl 32]} c4 (27... a5 $11) 28. bxc4 $16 Nb6 29. a4 {[%cal Ba2a4,Ba4a5,Ba5a6][%mdl 32]} Ke7 30. Rxd8 Rxd8 $14 {[%mdl 4096] Endgame KRB-KRN} 31. a5 Nd7 32. Bf3 Nc5 33. Bxc6 Rd2+ ({Black should try} 33... a6) 34. Kf1 Rb2 {[#]} (34... Nb3 $16 {was worth a try.} 35. Ra3 Rb2) 35. a6 $1 $18 f6 $2 (35... Rb6 {is a better chance.}) 36. Ra5 {White is clearly winning.} Nd3 37. Rb5 fxe5 38. fxe5 Rf2+ 39. Kg1 Ra2 40. Rb7+ {Accuracy: White = 84%, Black = 60%.} 1-0

[Event "GM Clarion Congress Hotel 2020"]
[Site "Ceske Budejovice"]
[Date "2020.07.01"]
[Round "1.2"]
[White "Malinovsky, Karel"]
[Black "Mikes, Jan"]
[Result "1-0"]
[WhiteElo "2459"]
[BlackElo "2373"]
[Annotator "RC"]
[PlyCount "131"]
[EventDate "2020.07.01"]
[EventType "tourn"]
[EventCountry "CZE"]
[SourceTitle "playchess.com"]
[Source "ChessBase"]
[SourceQuality "1"]
[TimeControl "40/5400+30:1800+30"]

1. e4 {[%emt 0:00:00]} c5 {[%emt 0:00:00]} 2. Nf3 {[%emt 0:00:00]} Nc6 {[%emt 0:00:07]} 3. d4 {[%emt 0:00:16]} cxd4 {[%emt 0:00:05]} 4. Nxd4 {[%emt 0:00:05]} Nf6 {[%emt 0:00:25]} 5. Nc3 {[%emt 0:00:09]} e5 {[%emt 0:00:06]} 6. Ndb5 {[%emt 0:00:17]} d6 {[%emt 0:00:05]} 7. Bg5 {[%emt 0:00:57]} a6 {[%emt 0:00:10]} 8. Na3 {[%emt 0:00:18]} b5 {[%emt 0:00:05]} 9. Nd5 {[%emt 0:00:20]} Be7 {[%emt 0:00:06]} 10. Bxf6 {[%emt 0:00:05]} Bxf6 {[%emt 0:00:04]} 11. c3 {[%emt 0:00:38]} O-O {[%emt 0:00:52]} 12. Nc2 {[%emt 0:01:00]} Rb8 {[%emt 0:01:05]} 13. Be2 {[%emt 0:02:34]} Bg5 {[%emt 0:00:55]} 14. O-O {[%emt 0:00:08]} Kh8 {[%emt 0:01:33]} 15. Ncb4 {[%emt 0:17:45]} Nxb4 {[%emt 0:02:06]} 16. Nxb4 {[%emt 0:02:17]} Bb7 {[%emt 0:02:22]} 17. Qd3 {[%emt 0:11:31]} a5 {[%emt 0:09:52]} 18. Nd5 {[%emt 0:03:14]} b4 {[%emt 0:11:40]} 19. Rad1 {[%emt 0:12:43]} bxc3 {[%emt 0:15:14]} 20. Nxc3 {[%emt 0:08:17]} Be7 {[%emt 0:08:19]} 21. Rd2 {[%emt 0:03:21]} Bg5 {[%emt 0:04:14]} 22. Rdd1 {[%emt 0:00:49]} Be7 {[%emt 0:00:05]} 23. Rd2 {[%emt 0:00:04]} Bg5 {[%emt 0:00:03]} 24. Rc2 {[%emt 0:06:04]} f5 {[%emt 0:02:00]} 25. Bf3 {[%emt 0:02:27]} g6 {[%emt 0:22:01]} 26. Rd1 {[%emt 0:04:21]} Be7 {[%emt 0:00:08]} 27. Nd5 {[%emt 0:04:04]} Bxd5 {[%emt 0:05:41]} 28. Qxd5 {[%emt 0:00:08]} Qb6 {[%emt 0:01:04]} 29. exf5 {[%emt 0:02:32]} gxf5 {[%emt 0:01:34]} 30. Qe6 {[%emt 0:00:08]} Qd8 {[%emt 0:03:10]} 31. Rdc1 {[%emt 0:02:39]} Bg5 {[%emt 0:00:49]} 32. Rd1 {[%emt 0:00:52]} Be7 {[%emt 0:00:03]} 33. Be2 {[%emt 0:02:18]} Rf6 {[%emt 0:00:36]} 34. Qd5 {[%emt 0:01:01]} Rg6 {[%emt 0:00:16]} 35. g3 {[%emt 0:02:39]} Bf8 {[%emt 0:04:52]} 36. Rd3 {[%emt 0:02:56]} f4 {[%emt 0:04:01]} 37. Rdc3 {[%emt 0:02:06]} fxg3 {[%emt 0:00:04]} 38. hxg3 {[%emt 0:00:39]} Qb6 {[%emt 0:01:37]} 39. Kg2 {[%emt 0:01:39]} Rf6 {[%emt 0:00:40]} 40. Rf3 {[%emt 0:02:58]} Rxf3 {[%emt 0:01:02]} 41. Bxf3 {[%emt 0:32:23]} Qd4 {[%emt 0:30:35]} 42. Qe6 {[%emt 0:01:42]} Qa7 {[%emt 0:00:00]} 43. Be4 {[%emt 0:00:00]} Qg7 {[%emt 0:00:00]} 44. b3 {[%emt 0:00:00]} Qg8 {[%emt 0:00:00]} 45. Qf6+ {[%emt 0:00:00]} Qg7 {[%emt 0:00:00]} 46. Qf5 {[%emt 0:00:00]} Rd8 {[%emt 0:00:00]} 47. Rc8 {[%emt 0:00:00]} Rxc8 {[%emt 0:00:00]} 48. Qxc8 {[%emt 0:00:00]} h5 {[%emt 0:00:00]} 49. Qd8 {[%emt 0:00:00]} Qe7 {[%emt 0:00:00]} 50. Qxa5 {[%emt 0:00:00]} h4 {[%emt 0:00:00]} 51. Qd2 {[%emt 0:00:00]} Qf6 {[%emt 0:00:00]} 52. Qd3 {[%emt 0:00:00]} Be7 {[%emt 0:00:00]} 53. Qf3 {[%emt 0:00:00]} hxg3 {[%emt 0:00:00]} 54. Qxf6+ {[%emt 0:00:00]} Bxf6 {[%emt 0:00:00]} 55. fxg3 {[%emt 0:00:00]} Bg5 {[%emt 0:00:00]} 56. b4 {[%emt 0:00:00]} Bd2 {[%emt 0:00:00]} 57. b5 {[%emt 0:00:07]} Ba5 {[%emt 0:00:00]} 58. Kf3 {[%emt 0:00:21]} Kg7 {[%emt 0:00:00]} 59. Bd5 {[%emt 0:00:45]} Kf6 {[%emt 0:00:00]} 60. Ke4 {[%emt 0:00:06]} Bb6 {[%emt 0:00:00]} 61. a4 {[%emt 0:01:10]} Ba5 {[%emt 0:00:00]} 62. Bb3 {[%emt 0:00:46]} Ke7 {[%emt 0:00:00]} 63. Kd5 {[%emt 0:00:34]} Kd7 {[%emt 0:00:00]} 64. g4 {[%emt 0:00:12]} Bd2 {[%emt 0:00:00]} 65. Ke4 {[%emt 0:01:11]} Ke7 {[%emt 0:00:00]} 66. Kf5 {[%emt 0:00:20]} 1-0

[Event "GM Clarion Congress Hotel 2020"]
[Site "Ceske Budejovice"]
[Date "2020.07.01"]
[Round "1.3"]
[White "Kraus, Tomas"]
[Black "Mihok, Oliver"]
[Result "1/2-1/2"]
[WhiteElo "2449"]
[BlackElo "2552"]
[Annotator "TA"]
[PlyCount "51"]
[EventDate "2020.07.01"]
[EventType "tourn"]
[EventCountry "CZE"]
[SourceTitle "playchess.com"]
[Source "ChessBase"]
[SourceQuality "1"]

{[%evp 27,51,0,8,0,0,0,7,10,44,56,46,-9,36,0,0,-9,-8,-35,-12,-12,-12,-12,-6,-5,-3,-10]} 1. e4 c5 2. Nf3 e6 3. d4 cxd4 4. Nxd4 Nf6 5. Nc3 d6 6. Be3 Nc6 7. Be2 Be7 8. O-O O-O 9. f4 Qc7 10. Kh1 Nxd4 11. Bxd4 e5 12. Be3 exf4 13. Bxf4 a6 14. Qd4 Be6 15. e5 {B92: Sicilian Najdorf: 6 Be2.} dxe5 16. Bxe5 Qd7 {[#]} 17. Qf4 $146 ({Predecessor:} 17. Bxf6 Bxf6 18. Qxd7 Bxd7 19. Nd5 Bxb2 20. Rab1 Be5 21. Rxb7 Rfd8 22. Nb6 Rab8 23. Rxd7 Rxd7 24. Nxd7 Re8 25. Nxe5 Rxe5 26. Bxa6 Ra5 27. Bc4 Rc5 28. Bxf7+ Kh8 29. Bb3 {1-0 (28) Nikulina,A (1887)-Tsukerman,J (1523) chess.com INT 2020}) 17... Nd5 18. Nxd5 Bxd5 19. Rad1 (19. c4 $14 f6 20. cxd5 fxe5 21. Qxe5) 19... Qe6 (19... Qc6 $5 {[%cal Rd5g2]} 20. Qg3 g6 $11) 20. Bg4 Qc6 21. Bf3 Bxf3 22. Rxf3 f6 23. Bc3 {The position is equal.} Rad8 24. Rfd3 Rxd3 25. Rxd3 Rd8 26. Rxd8+ {Accuracy: White = 76%, Black = 73%.} 1/2-1/2

[Event "GM Clarion Congress Hotel 2020"]
[Site "Ceske Budejovice"]
[Date "2020.07.01"]
[Round "1.4"]
[White "Michalik, Peter"]
[Black "Yankelevich, Lev"]
[Result "1-0"]
[WhiteElo "2585"]
[BlackElo "2461"]
[Annotator "TA"]
[PlyCount "55"]
[EventDate "2020.07.01"]
[EventType "tourn"]
[EventCountry "CZE"]
[SourceTitle "playchess.com"]
[Source "ChessBase"]
[SourceQuality "1"]

{[%evp 10,55,0,0,0,0,0,0,0,0,15,-23,26,-44,37,35,135,135,144,131,186,170,174,167,165,23,23,0,0,0,0,0,13,13,14,14,14,14,14,14,75,77,82,22,398,397,4798,1018]} 1. Nf3 d5 2. d4 Nf6 3. g3 Bf5 4. Bg2 e6 5. c4 c6 6. Nc3 Be7 {D11: Slav Defence: 3 Nf3 sidelines and 3...Nf6 4 e3 Bg4.} 7. Qb3 Qb6 8. c5 Qxb3 {The position is equal.} 9. axb3 Na6 10. Bf4 {[#]} Ne4 $146 ({Predecessor:} 10... O-O 11. Ne5 Rfc8 12. f3 Bc2 13. Ra3 Nxc5 14. dxc5 Bxc5 15. Ra1 Bxb3 {½-½ (15) Grabliauskas,V (2333)-Kuznetsov,M (2267) Palanga 2015}) 11. g4 (11. Nh4 $11) 11... Bxg4 (11... Nb4 $1 $15 12. O-O Bxg4) 12. Ne5 $14 Bh5 {[#]} (12... g5 $14) 13. Nxc6 $1 $16 {[%mdl 512]} Naxc5 (13... bxc6 14. Rxa6) 14. dxc5 Nxc3 (14... bxc6 $16 15. Nxe4 dxe4) 15. Nxe7 $18 Nxe2 16. Bd6 Nd4 {[#]} 17. Ra4 (17. Bf1 $1 $18) 17... Nb5 $1 $11 18. Kd2 {Nxd5 is the strong threat.} Kd7 19. Re1 {Threatens to win with Nxd5.} Nxd6 20. cxd6 Kxd6 21. Nxd5 exd5 22. Rd4 $36 {[%mdl 2048] White has some pressure.} Rad8 23. Rxd5+ {[%mdl 64] Double Attack} Kc7 24. Re7+ Kb6 {[#]} (24... Kc8 $11 25. Kc3 Rxd5 26. Bxd5 Bg6) 25. Rxb7+ $1 $16 {[%mdl 512]} Ka6 {Strongly threatening ...Rxd5+.} (25... Kxb7 26. Rxd8+) 26. Rbb5 (26. Rxd8 $16 {Rd6+ would kill now.} Rxd8+ 27. Kc3) 26... Rhe8 $2 {[%mdl 8192]} (26... Bg6 $11 {and Black stays safe.}) 27. Bf1 $18 {Black must now prevent Rb8+.} Bf3 $2 (27... Rxd5+ 28. Rxd5+ Kb6 29. Rxh5 h6) 28. Rxd8 {Accuracy: White = 68%, Black = 49%.} (28. Rb8+ $142 Be2 29. Rbxd8 Bxf1 30. Rxe8) 1-0

[Event "GM Clarion Congress Hotel 2020"]
[Site "Ceske Budejovice"]
[Date "2020.07.01"]
[Round "1.5"]
[White "Horvath, Dominik"]
[Black "Cernousek, Lukas"]
[Result "1/2-1/2"]
[WhiteElo "2446"]
[BlackElo "2458"]
[Annotator "ChessBase"]
[PlyCount "70"]
[EventDate "2020.07.01"]
[EventType "tourn"]
[EventCountry "CZE"]
[SourceTitle "playchess.com"]
[Source "ChessBase"]
[SourceQuality "1"]
[TimeControl "40/5400+30:1800+30"]

1. e4 {[%emt 0:00:00]} e5 {[%emt 0:02:11]} 2. Nf3 {[%emt 0:00:00]} Nf6 {[%emt 0:00:06]} 3. Nc3 {[%emt 0:00:00]} Nc6 {[%emt 0:00:05]} 4. Bb5 {[%emt 0:00:04]} Bb4 {[%emt 0:02:48]} 5. Bxc6 {[%emt 0:00:31]} bxc6 {[%emt 0:05:52]} 6. Nxe5 {[%emt 0:02:44]} Qe7 {[%emt 0:01:37]} 7. Nd3 {[%emt 0:00:59]} Bxc3 {[%emt 0:00:59]} 8. dxc3 {[%emt 0:00:48]} Qxe4+ {[%emt 0:00:12]} 9. Qe2 {[%emt 0:00:04]} Qxe2+ {[%emt 0:12:18]} 10. Kxe2 {[%emt 0:00:07]} O-O {[%emt 0:01:02]} 11. f3 {[%emt 0:04:30]} Re8+ {[%emt 0:04:56]} 12. Kf2 {[%emt 0:00:16]} d6 {[%emt 0:01:02]} 13. Bg5 {[%emt 0:06:21]} Nd7 {[%emt 0:00:06]} 14. Rhe1 {[%emt 0:06:18]} Bb7 {[%emt 0:00:12]} 15. b3 {[%emt 0:07:39]} Kf8 {[%emt 0:08:50]} 16. a4 {[%emt 0:02:44]} c5 {[%emt 0:07:35]} 17. c4 {[%emt 0:00:26]} Rxe1 {[%emt 0:01:09]} 18. Rxe1 {[%emt 0:02:23]} Re8 {[%emt 0:00:06]} 19. Rd1 {[%emt 0:01:41]} f6 {[%emt 0:13:02]} 20. Bd2 {[%emt 0:00:24]} g5 {[%emt 0:00:29]} 21. Ba5 {[%emt 0:01:35]} Nb6 {[%emt 0:02:53]} 22. Nc1 {[%emt 0:03:16]} Re5 {[%emt 0:13:17]} 23. Ne2 {[%emt 0:05:44]} Ke7 {[%emt 0:00:24]} 24. Bc3 {[%emt 0:03:41]} Re6 {[%emt 0:00:13]} 25. h4 {[%emt 0:01:18]} Kf7 {[%emt 0:04:01]} 26. Ba5 {[%emt 0:08:30]} Kg6 {[%emt 0:03:19]} 27. Nc3 {[%emt 0:01:36]} a6 {[%emt 0:00:01]} 28. g4 {[%emt 0:11:06]} h5 {[%emt 0:02:42]} 29. gxh5+ {[%emt 0:05:08]} Kxh5 {[%emt 0:06:24]} 30. Nd5 {[%emt 0:03:56]} Nxd5 {[%emt 0:04:03]} 31. cxd5 {[%emt 0:00:04]} Re7 {[%emt 0:00:06]} 32. hxg5 {[%emt 0:00:09]} Kxg5 {[%emt 0:01:48]} 33. c4 {[%emt 0:01:04]} Kf5 {[%emt 0:00:05]} 34. Rd3 {[%emt 0:06:39]} Rd7 {[%emt 0:00:51]} 35. b4 {[%emt 0:01:46]} Ke5 1/2-1/2

[Event "GM Clarion Congress Hotel 2020"]
[Site "Ceske Budejovice"]
[Date "2020.07.02"]
[Round "2.2"]
[White "Yankelevich, Lev"]
[Black "Horvath, Dominik"]
[Result "1/2-1/2"]
[WhiteElo "2461"]
[BlackElo "2446"]
[Annotator "TA"]
[PlyCount "168"]
[EventDate "2020.07.01"]
[EventType "tourn"]
[EventCountry "CZE"]
[SourceTitle "playchess.com"]
[Source "ChessBase"]
[SourceQuality "1"]

{[%evp 10,168,-12,-23,14,14,12,14,17,12,7,-8,-4,-2,12,-17,4,3,0,-24,-20,-10,0,-9,0,0,0,-7,-8,-16,-29,-50,-54,-50,-29,-27,-19,-21,-24,-31,-31,-31,-37,-45,-40,-99,-98,-87,-85,-100,-96,-88,-79,-88,-91,-137,0,-90,-41,-145,-181,-157,-32,-49,-25,-25,-32,-42,-10,-15,-10,-10,-10,-54,-10,-10,-10,-14,-14,-25,0,0,0,0,0,0,0,0,0,0,0,0,0,0,0,0,0,0,0,0,0,0,0,0,0,0,0,0,0,0,0,0,0,0,0,0,0,0,0,0,0,0,0,0,0,0,0,0,0,0,0,0,0,0,0,0,0,0,0,0,0,0,0,0,0,0,0,0,0,0,0,0,0,0,0,0,0,0,0,0,0]} 1. e4 e5 2. Nf3 Nc6 3. Bc4 Bc5 4. b4 Bxb4 5. c3 Ba5 6. d4 b5 {6...d6 is becoming the main line. C52: Evans Gambit Accepted: 5 c3 Ba5.} 7. Bxb5 Nxd4 $1 8. Nxd4 ({But not} 8. Nxe5 Nxb5 9. Qd5 Qf6 $17) 8... exd4 9. Qxd4 Qf6 {[#] aiming for ...Qxd4.} 10. e5 Qb6 11. Qd3 Rb8 12. Bc4 {[#]} Qg6 $146 ({Predecessor:} 12... Ne7 13. O-O O-O 14. Nd2 Qg6 15. Ba3 Re8 16. Ne4 Bb7 17. Rae1 Nf5 18. f4 d5 19. exd6 Bxe4 20. Rxe4 Rxe4 21. Qxe4 Bb6+ 22. Kh1 Ng3+ {0-1 (22) Jonsson,O (1844)-Salerno,C (2070) Helsingor 2018}) 13. O-O Ne7 14. Rd1 Qxd3 15. Bxd3 O-O 16. Be3 Bb6 17. Bxb6 Rxb6 18. Nd2 Ng6 19. Bxg6 hxg6 20. Ne4 Re8 21. Nc5 d6 $36 {[%mdl 2048] Black fights for an advantage.} 22. exd6 cxd6 23. Nb3 Be6 24. h3 Rc8 25. Rd3 Ra6 {White must now prevent ...Bxb3.} 26. Nd2 Bxa2 27. Nb3 (27. Ne4 $15) 27... Rcc6 $17 28. Nd4 Bc4 29. Rdd1 Rcb6 30. Rxa6 Rxa6 {[%mdl 4096] Endgame KRB-KRN} 31. Rb1 Ra3 32. Nb5 Ra6 33. Nd4 Ra2 34. Nb5 (34. Rb8+ $15 Kh7 35. Rc8) 34... Bd3 35. Rb3 d5 ({Better is} 35... Ra1+ $17 36. Kh2 Bxb5 37. Rxb5 Kf8) 36. Nd6 $15 Ra1+ 37. Kh2 Rb1 38. Ra3 $1 a6 39. Ra5 Rb3 40. Rc5 f6 41. Rc8+ Kh7 42. h4 Bf5 43. Nxf5 gxf5 $11 {KR-KR} 44. Rc6 a5 45. Rc5 {The position is equal.} a4 46. Rxd5 Rxc3 47. Rxf5 Kg6 (47... Rc4 {with more complications.} 48. Kg3 Kh6 49. Ra5 g6 50. Kh3 f5) 48. Ra5 Ra3 49. g4 Ra1 50. Kg3 Kh6 51. Ra6 a3 52. Kf4 Ra2 53. f3 Ra1 54. Kf5 a2 {[#]} 55. Ra8 $1 {[%cal Ra8h8][%mdl 512]} Kh7 56. g5 fxg5 57. hxg5 {White wants to mate with g6+.} g6+ 58. Kf6 {Threatens to win with Ra7+.} Rf1 59. Ra7+ Kg8 60. Rxa2 Rxf3+ 61. Kxg6 {White threatens Ra8+ and mate.} Rf8 $1 62. Ra7 Rb8 63. Rg7+ Kh8 $1 {...Rb6+ is the strong threat.} 64. Rh7+ Kg8 65. Rg7+ Kh8 $1 {And now ...Rb6+ would win.} 66. Kh6 Ra8 67. Rb7 Rc8 68. Kg6 Kg8 69. Rg7+ (69. Rb6 {seems wilder.}) 69... Kh8 $1 {( -> ...Rc6+)} 70. Re7 (70. Rb7 {keeps more tension.}) 70... Kg8 71. Kf6 Rf8+ (71... Rc6+ {feels hotter.}) 72. Kg6 Rc8 73. Re6 Rb8 74. Kf6 Rf8+ 75. Kg6 Rc8 76. Kf5 Kg7 77. Re7+ Kg8 78. Rd7 Rf8+ 79. Ke6 Re8+ 80. Kd6 Re1 81. g6 Rd1+ 82. Ke6 Rxd7 83. Kxd7 Kg7 84. Kd8 Kxg6 {Accuracy: White = 92%, Black = 89%.} 1/2-1/2

[Event "GM Clarion Congress Hotel 2020"]
[Site "Ceske Budejovice"]
[Date "2020.07.02"]
[Round "2.3"]
[White "Mihok, Oliver"]
[Black "Michalik, Peter"]
[Result "1/2-1/2"]
[WhiteElo "2552"]
[BlackElo "2583"]
[Annotator "TA"]
[PlyCount "52"]
[EventDate "2020.07.01"]
[EventType "tourn"]
[EventCountry "CZE"]
[SourceTitle "playchess.com"]
[Source "ChessBase"]
[SourceQuality "1"]

{[%evp 16,38,35,10,15,15,15,15,14,20,22,20,20,9,21,21,25,22,11,16,15,20,29,18,25]} 1. e4 e5 2. Nf3 Nc6 3. Bb5 a6 4. Ba4 Nf6 5. O-O Be7 6. Re1 b5 7. Bb3 O-O 8. c3 d5 9. d4 dxe4 {C89: Closed Ruy Lopez: Marshall Attack.} 10. Nxe5 Nxe5 11. dxe5 {[#] Black must now prevent Qxd8.} Qxd1 12. Bxd1 Nd7 13. Rxe4 {is now debated instead of 13.Bc2.} Nc5 14. Rd4 Ne6 15. Rd2 Bg5 16. Rc2 $1 Bxc1 17. Rxc1 Nf4 18. Bf3 Rb8 19. Rd1 Ng6 {[#] A rather calm draw. Accuracy: White = 100%, Black = 100%.} {Predecessor:} 20. Nd2 $146 Nxe5 21. Be4 Nc4 22. b4 Nb2 23. Re1 Rb6 24. Bc2 Rc6 25. Rab1 Nc4 26. Nxc4 Rxc4 {½-½ (81) Kurnosov,I (2649)-Khalifman,A (2614) Nakhchivan 2013} 1/2-1/2

[Event "GM Clarion Congress Hotel 2020"]
[Site "Ceske Budejovice"]
[Date "2020.07.02"]
[Round "2.4"]
[White "Mikes, Jan"]
[Black "Kraus, Tomas"]
[Result "1/2-1/2"]
[WhiteElo "2373"]
[BlackElo "2453"]
[Annotator "ChessBase"]
[PlyCount "49"]
[EventDate "2020.07.01"]
[EventType "tourn"]
[EventCountry "CZE"]
[SourceTitle "playchess.com"]
[Source "ChessBase"]
[SourceQuality "1"]
[TimeControl "40/5400+30:1800+30"]

1. d4 {[%emt 0:00:00]} Nf6 {[%emt 0:02:39]} 2. c4 {[%emt 0:00:00]} g6 {[%emt 0:00:52]} 3. Nc3 {[%emt 0:01:14]} Bg7 {[%emt 0:02:17]} 4. e4 {[%emt 0:00:35]} d6 {[%emt 0:00:17]} 5. f3 {[%emt 0:03:55]} O-O {[%emt 0:03:27]} 6. Be3 {[%emt 0:00:25]} c5 {[%emt 0:03:50]} 7. Nge2 {[%emt 0:00:48]} Nc6 {[%emt 0:00:27]} 8. d5 {[%emt 0:00:34]} Ne5 {[%emt 0:00:06]} 9. Ng3 {[%emt 0:00:05]} h5 {[%emt 0:01:07]} 10. Be2 {[%emt 0:00:23]} h4 {[%emt 0:00:49]} 11. Nf1 {[%emt 0:00:05]} e6 {[%emt 0:01:52]} 12. Nd2 {[%emt 0:10:49]} exd5 {[%emt 0:03:40]} 13. cxd5 {[%emt 0:00:07]} h3 {[%emt 0:02:29]} 14. g3 {[%emt 0:04:00]} a6 {[%emt 0:03:50]} 15. a4 {[%emt 0:00:20]} Bd7 {[%emt 0:05:22]} 16. a5 {[%emt 0:00:32]} b5 {[%emt 0:04:50]} 17. axb6 {[%emt 0:00:18]} Qxb6 {[%emt 0:00:43]} 18. Rb1 {[%emt 0:00:05]} Qb4 {[%emt 0:05:27]} 19. O-O {[%emt 0:00:55]} Bb5 {[%emt 0:01:16]} 20. Qc2 {[%emt 0:03:00]} Bxe2 {[%emt 0:03:18]} 21. Nxe2 {[%emt 0:00:08]} Qb5 {[%emt 0:03:23]} 22. Nc3 {[%emt 0:00:35]} Qb4 {[%emt 0:00:09]} 23. Ne2 {[%emt 0:00:27]} Qb5 {[%emt 0:02:43]} 24. Nc3 {[%emt 0:00:07]} Qb4 {[%emt 0:03:46]} 25. Ne2 {[%emt 0:00:13]} 1/2-1/2

[Event "GM Clarion Congress Hotel 2020"]
[Site "Ceske Budejovice"]
[Date "2020.07.02"]
[Round "2.5"]
[White "Donchenko, Alexander"]
[Black "Malinovsky, Karel"]
[Result "1-0"]
[WhiteElo "2646"]
[BlackElo "2456"]
[Annotator "TA"]
[PlyCount "183"]
[EventDate "2020.07.01"]
[EventType "tourn"]
[EventCountry "CZE"]
[SourceTitle "playchess.com"]
[Source "ChessBase"]
[SourceQuality "1"]

{[%evp 24,183,28,26,32,30,26,34,27,22,24,20,29,26,39,37,47,52,90,57,139,141,136,134,122,123,137,135,127,112,138,160,149,94,210,110,102,99,146,52,134,118,227,99,199,191,240,247,295,239,233,233,222,185,295,165,150,8,8,8,8,8,8,8,8,8,177,177,177,177,177,177,177,0,0,0,8,8,8,8,8,8,8,8,8,8,8,8,8,8,10,11,14,1,1,4,34,34,35,8,73,73,73,73,73,73,73,73,73,72,73,73,73,73,73,73,73,73,79,79,79,79,86,79,86,86,86,86,86,79,86,86,86,86,86,86,86,86,86,86,86,76,79,79,86,86,29974,29975,29975,86,29975,29978,29975,86,86,86,86,86,86,86,29988,29989]} 1. c4 e6 2. g3 d5 3. Bg2 Nf6 4. d4 Be7 5. Nf3 O-O 6. O-O dxc4 7. Qc2 a6 8. a4 Bd7 9. Qxc4 Bc6 10. Bg5 Nbd7 {[%cal Bb8d7,Bd7f6,Bf6e4][%mdl 32]} 11. Nc3 h6 12. Bxf6 Nxf6 13. b4 Bd5 {E05: Open Catalan: 5 Nf3 Be7.} 14. Nxd5 exd5 15. Qb3 c6 {White is slightly better.} 16. e3 Qb6 17. Rab1 Ne4 18. Rfc1 Rfd8 {[#]} 19. Rc2 $146 ({Predecessor:} 19. Bf1 Bd6 20. Rc2 Nf6 21. Bg2 Ne4 22. Ne1 a5 23. b5 Rab8 24. Nd3 Rdc8 25. Bxe4 dxe4 {1-0 (43) Kamsky,G (2665)-Nakar,E (2479) Caleta 2016}) 19... Nd6 20. Bf1 Rac8 21. Ne5 Bf8 (21... Ne4 $14) 22. b5 $1 $16 cxb5 23. Rxc8 ({Don't play} 23. axb5 $6 Rxc2 24. Qxc2 a5 $14) 23... Nxc8 24. axb5 a5 25. Bg2 Qe6 26. Qa2 b6 27. Rc1 Ne7 28. h4 (28. Rc7 $142) 28... h5 (28... g5 $16) 29. Bf3 (29. Rc6 $18 Nxc6 30. bxc6) 29... g6 30. Kg2 Kg7 31. Rc3 ({White should try} 31. Rc7 $16) 31... Rd6 (31... Rc8 $1 $14 32. Rxc8 Qxc8 33. Bxd5 Nxd5 34. Qxd5 Qe6) 32. Rc7 Qf5 (32... f6 $16 {keeps fighting.}) 33. Nc6 (33. Qa3 $18 {is more deadly.} Rf6 34. Rxe7) 33... Rf6 (33... Rd7 $16 {was necessary.} 34. Nxe7 Bxe7 35. Rxd7 Qxd7) 34. Qe2 $18 Ng8 35. Rb7 {[%cal Bc7b7,Bb7b6,Bb6a6][%mdl 32]} a4 36. Rxb6 a3 37. Ra6 Nh6 38. Ne5 Bd6 (38... Ng4 $142) 39. Bxd5 (39. Nd3 $142) 39... Bxe5 40. e4 (40. dxe5 $16 Qxe5 41. Rxf6 Qxf6 42. Qa2) 40... Qg4 $11 41. Qxg4 Nxg4 42. dxe5 Rxf2+ {[%mdl 4096] Endgame KRB-KRN} 43. Kg1 Rb2 $1 44. b6 a2 $2 (44... Rb1+ $11 {and Black stays safe.} 45. Kg2 Rb2+ 46. Kf1 Ne3+ 47. Kg1 Rg2+ 48. Kh1 Rb2) 45. Bxa2 $18 Nxe5 46. Bd5 {And now b7 would win.} Ng4 {intending ...Rb1+.} 47. Ba8 $1 Ne5 48. Bd5 $2 ({Only move:} 48. b7 $1 $18) 48... Ng4 $1 $11 49. Ba2 Ne5 50. Kf1 {aiming for Bd5.} Nd7 51. Ra7 Ne5 52. b7 {Bd5 is the strong threat.} Nc6 $1 {[%cal Rc6a7]} 53. b8=Q Rxb8 54. Rxf7+ Kh6 55. Rc7 Ne5 56. Be6 Re8 57. Bd5 g5 58. Kg2 gxh4 59. gxh4 Ng6 60. Kg3 Rf8 61. Be6 Nxh4 (61... Ra8 $11) 62. Kxh4 {KRB-KR} Rf4+ {[%mdl 64] Double Attack} 63. Kg3 Rxe4 64. Bf5 Rb4 65. Rc5 h4+ 66. Kf3 $1 Kg7 67. Rc6 Kf7 68. Be4 Ke7 69. Kf4 Kd7 70. Rh6 h3 71. Ke5 h2 72. Rh7+ Kc8 73. Bd5 {Strongly threatening Kd6.} h1=Q 74. Bxh1 Rb6 75. Bd5 Kb8 76. Kd4 Ra6 77. Kc5 Ra7 78. Rh8+ Kc7 79. Bc6 Ra5+ 80. Bb5 {White threatens Rh7+ and mate.} Ra7 81. Rg8 Rb7 82. Ra8 Rb8 83. Ra6 Kb7 84. Re6 Rh8 $2 {[%mdl 8192]} (84... Rg8 $16) 85. Re7+ $1 Kc8 {[#]} 86. Kb6 $2 (86. Bd7+ $1 Kd8 87. Kd6 Rh6+ 88. Be6 Rh2 89. Ra7 Rd2+ 90. Bd5 Rc2 91. Rg7) 86... Kd8 $2 {[%mdl 8192] [#]} (86... Rf8 $16) 87. Rd7+ $1 Kc8 88. Ra7 $2 (88. Rd6 {mates} Rf8 89. Bc4 Kb8 90. Be6 Rh8 91. Rd7 Re8 92. Bf7 Rh8 93. Rb7+ Ka8 94. Re7) 88... Rh6+ $16 89. Bc6 {[%cal Ra7a8]} Kd8 90. Rd7+ Kc8 91. Re7 {[%cal Re7e8]} Rh8 $2 {[%mdl 8192]} (91... Rd6 $16) 92. Ra7 {Accuracy: White = 73%, Black = 64%.} 1-0